Hubungan iklim organisasi dengan komitmen terhadap organisasi di kalangan pegawai dan kakitangan Kementerian Sumber Manusia, Putrajaya /

Bibliographic Details
Main Author: Rezal b. Haji Daud
Format: Book
Published: Kedah: Universiti Utara Malaysia, 2007.
Subjects:
LEADER 00639cam a2200181 7i4500
001 0000010984
005 20151104090000.0
005 ##20151104112500.0
003 ##MY-KlINT
039 # 9 |y 201511041125  |z VLOAD 
090 0 0 |a SSP 05/07  
100 1 # |a Rezal b. Haji Daud 
245 1 0 |a Hubungan iklim organisasi dengan komitmen terhadap organisasi di kalangan pegawai dan kakitangan Kementerian Sumber Manusia, Putrajaya /   |c oleh Rezal b. Haji Daud. 
260 # # |a Kedah:   |b Universiti Utara Malaysia,   |c 2007. 
300 # # |a 112 ms. 
500 # # |a Ijazah Sarjana Sains (Pengurusan) 
650 # 0 |a Thesis --   |z Malaysia  
999 |a 0000062509  |b BOOK  |c Dissertation  |e INTAN BK